000 00774naa a2200181 i 4500
001 9310
003 KOSZ 005
005 20180323132027.0
008 151120s2007 pl n f |000 0pol
040 _cBPK
_dKOSZ 005/EG
080 _a37
100 1 _aSOKOŁOWSKI, Stanisław.
_d1996 - .
_bPolitechnika Koszalińska - Wydział Mechaniczny,
_cKatedra Zastosowań Elektroniki i Elektrotechniki
245 1 0 _aEtos pracy w programach polskiej telewizji publicznej /
_cStanisław Sokołowski.
650 0 _aPedagogika.
650 0 _aŚrodki masowego przekazu.
773 0 _iW :
_tPraca człowieka jako kategoria współczesnej pedagogiki / pod red. Waldemara Furmanka. -
_dWarszawa ; Rzeszów : [Wydawnictwo Oświatowe Fosze], 2007. -
_gs. 384-391
942 _cROZ
_2UKD
999 _c9310
_d9310